| 000 | 00644nam a2200193Ia 4500 | ||
|---|---|---|---|
| 001 | 22879 | ||
| 003 | GE_BSU | ||
| 008 | 181216s||||||||xx |||||||||||||| ||und|| | ||
| 040 | _cGE_BSU | ||
| 245 | _aПравоведение Политология. Библиогафич. указатель. #5. 2018 | ||
| 245 | _cОтв. ред. С. О. Шевцова | ||
| 260 | _aМосква | ||
| 260 | _c2018 | ||
| 300 | _a61 стр. 30см. | ||
| 653 | _aПериодика | ||
| 653 | _aПравоведение Политология. Библиогафич. указатель. #5. 2018 | ||
| 653 | _aპერიოდიკა | ||
| 942 | _cCR | ||
| 999 |
_c55782 _d55782 |
||